00729 2200193 4500001002100000005001500021035002000036245016200056100001300218250002000231300005400251856002800305700011500333260003300448082000800481084001400489020001800503650001400521INLIS00000000114766120260305104010 a0010-03260001721 aDONGENG PRINCESS 5 BENUA /cPenulis; Rifka RN, Editor; Adib, Pemeriksa Aksara; Seta, Ilustrator; Tim, Tata Sampul; Ferdika, Tata Isi; Tjipto, Pracetak; Wardi0 aRifka RN aCetakan Pertama a96 halaman :bIlustrasi ;c20,5 x 26,8 cmeKertas aPerpustakaan Keliling 10 aEditor; Adib, Pemeriksa Aksara; Seta, Ilustrator; Tim, Tata Sampul; Ferdika, Tata Isi; Tjipto, Pracetak; Wardi aYogyakarta :bLaksana,c2019 a398 a398 RIF d a9786024076580 4aBuku Anak